| 000 | 01395nam a2200337 a 4500 | ||
|---|---|---|---|
| 001 | BRCA_3312 | ||
| 005 | 20190320204222.0 | ||
| 008 | 190309s1872----enka---###---#000-0#eng-# | ||
| 041 | _aeng | ||
| 044 | _aenk | ||
| 084 |
_a606 _b.D43 _c1872 |
||
| 100 | 1 |
_aCervantes Saavedra, Miguel de _d1547-1616 _9213 |
|
| 245 | 1 | 0 |
_aThe Wonderfull Adventures of Don Quixote de la Mancha and Sancho Panza his Esquire _cMiguel de Cervantes Saavedra. |
| 260 |
_aLondres _bDean and Son _c1872 |
||
| 300 |
_a59 p. _bil. _c25 cm. |
||
| 500 | _aContenido : Texto de ambas partes muy abreviado | ||
| 500 | _aEdición : Abridged and Adapted to Youthful Capacities by Marvellous Crackjoke. With Illustrations by Kenny Meadows and John Gilbert | ||
| 500 | _aAbreviación hecha para la juventud por M. Crackjoke. Tela; planos adornados Lúdovik Osterc | ||
| 500 | _aQM940 | ||
| 546 | _aTexto en : inglés | ||
| 650 | 1 | 4 |
_aNovela española _yÉpoca clásica, 1500-1700 _9215 |
| 650 | 1 | 4 |
_aLiteratura española _yÉpoca clásica, 1500-1700 _9216 |
| 650 | 1 | 4 |
_aNovela española _ySiglo XVII _9217 |
| 650 | 1 | 4 |
_aDon Quijote (Personaje ficticio) _eNovela _9218 |
| 700 | 1 |
_aCrackjoke, M. _eEditor _98763 |
|
| 700 | 1 |
_aMeadows, Kenny _d1780-1874 _eIlustrador _98764 |
|
| 700 | 1 |
_aGilbert, John _d1817-1897 _eIlustrador _98765 |
|
| 740 | 0 | _aEl Ingenioso Hidalgo Don Quijote de la Mancha | |
| 902 | _aQFM | ||
| 942 |
_2lcc _cB |
||
| 999 |
_c3048 _d3048 |
||